000 01226nam a22002297a 4500
999 _c61896
_d61896
003 Ge_BSU
005 20240604155231.0
008 240604s2008 ge ||||| |||| 00| 0 geo d
020 _a9789941100338
041 _ageo
080 _a657.15(076.2) კ-44
100 _aკვატაშიძე, ნადეჟდა.
_913182
245 _a270 კითხვა-პასუხი ფინანსურ აღრიცხვაში :
_bსაკონტროლო კითხვები. სიტუაციური ამოცანები /
_cნ. კვატაშიძე, ა. ხორავა; [რედ. ზეინაბ გოგრიჭიანი].
264 _aთბ. :
_bმერიდიანი,
_c2008.
300 _a158 გვ. ;
_b20 სმ.
653 _aფინგანსური აღრიცხვა
653 _aსაკონტროლო კითხვები
653 _aსიტუაციური ამოცანები
700 _aხორავა, ანჟელი
_eავტორი
_913183
700 _aგოგრიჭიანი, ზეინაბ
_eრედაქტორი
_913245
942 _2udc
_cᲬᲘᲒᲜᲘ